| 000 | 00662cam a2200241 4500 | ||
|---|---|---|---|
| 008 | 090401t1998 xxu||||| |||| 00| 0 eng d | ||
| 020 | _a1854826352 | ||
| 035 | _a(Sirsi) u86597 | ||
| 041 | _aeng | ||
| 050 | _a692.5 | ||
| 110 |
_aScottish Agricultural College _93388 |
||
| 245 | _aFarm building cost guide 1998. | ||
| 250 | _a24th ed. | ||
| 260 |
_aAberdeen _bScottish Agricultural College _c1998 |
||
| 300 | _a96p. : ill. ; 30cm. | ||
| 350 | _a19.8 | ||
| 650 | _aBUILT ENVIRONMENT-BUILDING COSTS | ||
| 650 | _aFARM BUILDINGS | ||
| 650 | _aBUILDING PRICE BOOKS | ||
| 690 | _aBUILT ENVIRONMENT-BUILDING COSTS | ||
| 942 | _n0 | ||
| 948 | _c05/06/1998 | ||
| 999 |
_c97143 _d97143 |
||